| 000 | 00444nam a22001457a 4500 | ||
|---|---|---|---|
| 003 | OSt | ||
| 005 | 20201112143618.0 | ||
| 008 | 201112b 1993 dr a 00| 0 eng d | ||
| 040 |
_aDO-SdBNP _bspa _cBNPHU |
||
| 245 | 1 | 0 |
_aCocinemos por el mundo : _bGastronomía diplomática. |
| 260 |
_aSanto Domingo : _bAsociación de Damas Diplomáticas, _c1993. |
||
| 300 |
_a196 p. : _bil. ; _c24 cm. |
||
| 590 | _aInventariado, 2020 /LP | ||
| 942 |
_2ddc _cLBS1 |
||
| 999 |
_c49126 _d49126 |
||